[Event "SVK-chT 1112"]
[Site "Slovakia"]
[Date "2012.01.14"]
[Round "5.6"]
[White "Bombek, Peter"]
[Black "Hagara, Eduard"]
[Result "1/2-1/2"]
[WhiteElo "2179"]
[BlackElo "2388"]
[PlyCount "120"]
[EventDate "2011.10.22"]
[EventType "team-tourn"]
[EventRounds "11"]
[EventCountry "SVK"]
[SourceTitle "EXT 2013"]
[Source "ChessBase"]
[SourceDate "2012.11.22"]
[SourceVersion "1"]
[SourceVersionDate "2012.11.22"]
[SourceQuality "1"]
[WhiteTeam "Dubnica nad Vahom"]
[BlackTeam "Kezmarok"]
[WhiteTeamCountry "SVK"]
[BlackTeamCountry "SVK"]

1. d4 d5 2. Nf3 Nf6 3. c4 dxc4 4. e3 e6 5. Bxc4 c5 6. 0-0 a6 7. dxc5 Bxc5 8. Qxd8+ Kxd8 9. Rd1+ Ke7 10. Nc3 Nbd7 11. b3 b6 12. Bb2 Bb7 13. Ne1 Rhd8 14. Be2 Ke8 15. Nd3 Be7 16. f3 Rdc8 17. Kf2 Rc7 18. Rac1 Rac8 19. e4 Nc5 20. Ke3 Nxd3 21. Bxd3 Bc5+ 22. Kd2 Bb4 23. a3 Bd6 24. g3 Nd7 25. Ne2 Ne5 26. Rxc7 Rxc7 27. Nd4 Nxd3 28. Kxd3 b5 29. Rc1 Rxc1 30. Bxc1 g6 31. b4 h5 32. f4 Kd7 33. Be3 e5 34. Nb3 Bc8 35. fxe5 Bxe5 36. Nc5+ Kc6 37. Bd4 Bd6 38. Ke3 h4 39. gxh4 Bxh2 40. Kf3 Bc7 41. Nd3 Kd7 42. Be5 Bd8 43. Bg3 Bf6 44. Ke3 Ke8 45. Ne5 Be6 46. Kd4 Be7 47. Nd3 Bd8 48. Kc5 Bb3 49. Kc6 Bc4 50. Nc5 a5 51. bxa5 Bxa5 52. Nb7 Bd2 53. Nd6+ Ke7 54. Nxb5 f5 55. exf5 gxf5 56. Nd6 Bd3 57. Kd5 f4 58. Bf2 Be3 59. Ne4 Bxe4+ 60. Kxe4 Bxf2 1/2-1/2

[Event "SVK-chT 1112"]
[Site "Slovakia"]
[Date "2011.10.23"]
[Round "2.4"]
[White "Kriebel, Tadeas"]
[Black "Hagara, Eduard"]
[Result "1-0"]
[WhiteElo "2339"]
[BlackElo "2388"]
[PlyCount "61"]
[EventDate "2011.10.22"]
[EventType "team-tourn"]
[EventRounds "11"]
[EventCountry "SVK"]
[SourceTitle "EXT 2013"]
[Source "ChessBase"]
[SourceDate "2012.11.22"]
[SourceVersion "1"]
[SourceVersionDate "2012.11.22"]
[SourceQuality "1"]
[WhiteTeam "Cadca"]
[BlackTeam "Kezmarok"]
[WhiteTeamCountry "SVK"]
[BlackTeamCountry "SVK"]

1. c4 e5 2. Nc3 Nf6 3. g3 Nc6 4. Bg2 Bc5 5. e3 d5 6. cxd5 Nb4 7. d3 Nfxd5 8. Nxd5 Nxd5 9. Ne2 0-0 10. 0-0 c6 11. a3 a5 12. Qc2 Bb6 13. Nc3 Bg4 14. Re1 Qd6 15. Bd2 Rfd8 16. Na4 Bc7 17. Nc5 Rab8 18. b4 axb4 19. axb4 Bb6 20. Qc4 Bh5 21. d4 exd4 22. exd4 Qf6 23. Re5 Bxc5 24. bxc5 b5 25. Qc1 h6 26. Rxh5 Qxd4 27. Bxd5 cxd5 28. Rh4 Qf6 29. Rf4 Qe7 30. Bb4 Rbc8 31. Qc3 1-0